A la búsqueda del éxito escolar
Wedi'i Gadw mewn:
| Prif Awdur: | |
|---|---|
| Fformat: | Llyfr |
| Iaith: | Sbaeneg |
| Cyhoeddwyd: |
Madrid
Eudema
1990
|
| Cyfres: | Eudema actualidad
|
| Pynciau: | |
| Tagiau: |
Ychwanegu Tag
Dim Tagiau, Byddwch y cyntaf i dagio'r cofnod hwn!
|
MARC
| LEADER | 00000nam a2200000 a 4500 | ||
|---|---|---|---|
| 001 | UCY1753 | ||
| 003 | CL-VaPUC | ||
| 008 | 940915e19900000SP |||||||||||||||||spa|d | ||
| 082 | 0 | 4 | |a 371.28 |b HER |2 21 |
| 100 | 0 | |a Herrerias, José Angel L |e author |9 329761 | |
| 245 | 1 | 0 | |a A la búsqueda del éxito escolar |
| 300 | |a 184 p | ||
| 942 | |c BK | ||
| 945 | |d 19940915 00:00:00 |a rbrito | ||
| 260 | |a Madrid |b Eudema |c 1990 | ||
| 650 | 7 | |a PREDICCION DEL EXITO ESCOLAR |2 CL-VaPUC |9 309938 | |
| 583 | |a last modification |c 19940915 00:00:00 |k Rodrigo Vera | ||
| 490 | 0 | |a Eudema actualidad | |
| 999 | |c 230358 |d 230356 | ||
| 952 | |0 0 |1 0 |4 0 |6 371_280000000000000_HER_1990 |7 0 |8 A |9 232549 |a BIBEDU |b BIBEDU |d 2019-11-15 |i 3008975 |o 371.28 HER 1990 |p 3008975 |r 2019-11-15 |w 2019-11-15 |y BK |k EDU | ||